| 000 | 00386pab a2200157 454500 | ||
|---|---|---|---|
| 008 | 180718b2008 xxu||||| |||| 00| 0 eng d | ||
| 100 | _aUngar, Sheldon | ||
| 245 | _aIgnorance as an under-identified social problem | ||
| 260 | _c2008 | ||
| 300 | _ap.301-26. | ||
| 362 | _aJun | ||
| 650 | _aSocial problems | ||
| 773 | _aBritish Journal of Sociology | ||
| 908 | _aN | ||
| 909 | _a82508 | ||
| 999 |
_c82508 _d82508 |
||